Elenca la formazione - Quiz n°62 - Statistics

Statistiche generali
  • Questo quiz è stato fatto 64 volte
  • Il punteggio medio è 10 su 11
Statistiche sulle risposte
Ruolo Nazione Calciatore % Corretto
Difensore Belgio Vincent Kompany
100%
Portiere Cile Claudio Bravo
96%
Centrocampista Belgio Kevin De Bruyne
96%
Attaccante Argentina Sergio Agüero
96%
Centrocampista Brasile Fernandinho
95%
Centrocampista Germania İlkay Gündoğan
89%
Attaccante Spagna David Silva
87%
Difensore Inghilterra Kyle Walker
87%
Difensore Argentina Nicolás Otamendi
84%
Attaccante Germania Leroy Sané
76%
Difensore Brasile Danilo
64%
Nessun quiz corrispondente trovato
Distribuzione punteggi
Percentuale di utenti per punteggio
Percentile per numero di risposta
I tuoi punteggi nel tempo
Non hai fatto questo quiz